000 00643nam a2200205Ii 4500
003 JO-AjNU
008 230605s9999||||xx |||||||||||||| ||und||
040 _aJO-AjNU
_bara
_erda
_cJO-AjNU
041 _aara
050 1 4 _aHF5549 .J35.1997
100 3 _aزيدان، جمال غانم,
_eauthor
_937970
245 0 0 _aتنظيم وادارة الاجتماعات
250 _aط1
264 3 1 _aبيروت: دار الجيل؛1997
300 _a95ص
336 _atext
_btxt
_2rdacontent
337 _aunmediated
_bn
_2rdamedia
338 _avolume
_bnc
_2rdacarrier
650 4 _aادارة الاعمال-اجتماعات-ادارة
_937971
999 _aA15913
_c19481
_d19481